English economic history.// (Record no. 109524)

MARC details
000 -LEADER
fixed length control field 00462nam a22001697a 4500
003 - CONTROL NUMBER IDENTIFIER
control field BD-ChCU
005 - DATE AND TIME OF LATEST TRANSACTION
control field 20251118090642.0
008 - FIXED-LENGTH DATA ELEMENTS--GENERAL INFORMATION
fixed length control field 251118b bg ||||| |||| 00| 0 ben d
040 ## - CATALOGING SOURCE
Transcribing agency BD-ChCU
082 ## - DEWEY DECIMAL CLASSIFICATION NUMBER
Classification number 330.942 SOE
100 ## - MAIN ENTRY--PERSONAL NAME
Personal name Southgate, George W.
9 (RLIN) 16301
245 ## - TITLE STATEMENT
Title English economic history.//
Statement of responsibility, etc. George W. Southgate.
260 ## - PUBLICATION, DISTRIBUTION, ETC.
Place of publication, distribution, etc. London.
Name of publisher, distributor, etc. Dent.
Date of publication, distribution, etc. 1965
300 ## - PHYSICAL DESCRIPTION
Extent xvi, 462p
650 #0 - SUBJECT ADDED ENTRY--TOPICAL TERM
Topical term or geographic name entry element English - Economic History.
9 (RLIN) 16303
942 ## - ADDED ENTRY ELEMENTS (KOHA)
Source of classification or shelving scheme Dewey Decimal Classification
Koha item type Books
Suppress in OPAC No
Holdings
Withdrawn status Lost status Source of classification or shelving scheme Damaged status Not for loan Home library Current library Shelving location Date acquired Source of acquisition Total Checkouts Full call number Barcode Date last seen Copy number Price effective from Koha item type
    Dewey Decimal Classification     Chittagong University Library Chittagong University Library Business and Social Science Reading Room 18/11/2025 Purchase   330.942 SOE 46753 18/11/2025 C-1 18/11/2025 Books
    Dewey Decimal Classification     Chittagong University Library Chittagong University Library Business and Social Science Reading Room 18/11/2025 Purchase   330.942 SOE 46754 18/11/2025 C-2 18/11/2025 Books
    Dewey Decimal Classification     Chittagong University Library Chittagong University Library Business and Social Science Reading Room 18/11/2025 Purchase   330.942 SOE 46755 18/11/2025 C-3 18/11/2025 Books
    Dewey Decimal Classification     Chittagong University Library Chittagong University Library Business and Social Science Reading Room 18/11/2025 Purchase   330.942 SOE 46756 18/11/2025 C-4 18/11/2025 Books
    Dewey Decimal Classification     Chittagong University Library Chittagong University Library Business and Social Science Reading Room 18/11/2025 Purchase   330.942 SOE 69092 18/11/2025 C-5 18/11/2025 Books
    Dewey Decimal Classification     Chittagong University Library Chittagong University Library Business and Social Science Reading Room 18/11/2025 Purchase   330.942 SOE 73641 18/11/2025 C-6 18/11/2025 Books
    Dewey Decimal Classification     Chittagong University Library Chittagong University Library Business and Social Science Reading Room 18/11/2025 Purchase   330.942 SOE 95122 18/11/2025 C-7 18/11/2025 Books
© Copyright 2026. Chittagong University Library, Installation and Maintenance by Prof. Dr. Md. Alamgir, 01711306253